000 01381cam a22003737a 4500
003 CHAP
005 20220329141921.0
008 980603d1998 mx r 00110 spa d
010 _a75683
011 _a76655
035 _a86241
040 _cCHAP
090 _aTesis
100 0 0 _aAlbarrán Ahumada, Luis Manuel.
_93442
245 1 0 _aNivel óptimo biológico de fósforo disponible para pollos de engorda en iniciación
_c/por Luis Manuel Albarrán Ahumada y Jorge Cigarroa Jiménez
260 _aChapingo, Méx. :
_bEl autor,
_c1998.
300 _a40 h. :
_bgráfs.
502 _aTesis (Ing. Agr. Esp. en Zootecnia) -- UACH. Departamento de Zootecnia
590 _aALEPH
_b10
_c20130110
_lUCH01
_h1424
590 _aBATCH-UPD
_b10
_c20130110
_lUCH01
_h0442
590 _aBATCH-UPD
_b10
_c20130410
_lUCH01
_h0119
590 _aBATCH-UPD
_b10
_c20130913
_lUCH01
_h2345
590 _aCONVERSION
_b10
_c20130109
_lUCH01
_h1341
650 1 4 _aAves de corral
_xEngorda.
_98647
650 1 4 _aAves de corral
_xNutrición.
_98672
650 1 4 _aFósforo en nutrición animal.
_942266
700 0 2 _aCigarroa Jiménez, Jorge.
_923285
901 _aBK
905 _aAlejandra Carrasco M.
942 _cFOLL
949 _bBC
_cTES
_d33724000589453
_eTS2
_fc.2
_h32769
_i86241
_si
949 _bBC
_cTES
_d33724000768404
_eTS2
_fc.3
_h33880
_i86241
_sb
949 _bBC
_cTES
_d862411
_eTS1
_h32768
_i86241
_sb
999 _c75683
_d75683